000
00315nam a2200133Ia 4500
100
_a
Tokheim/R.L
942
_c
BK
654
_a
Micropressers Fundamentals
245
_a
Microprocessors Fundamentals
260
_b
McGraw Hill.( Schaum''s)
_a
Singapore
_c
1986
082
_a
621.3
300
_a
378
546
_a
ENGLISH
999
_c
34113
_d
34113